000 00706nas a2200229 4500
001 BR7100284
003 BR-BrBNA
005 20231205082328.0
007 ta
008 230509b bl.|||p| |||| 00| 00por d
040 _aBR-BrBNA
_bpor
_cBiblioteca Nacional de Agricultura
041 _a(Pt)
072 _aF00
110 1 _aInstituto Rio Grandense do Arroz, Porto Alegre (Brasil)
245 1 _aCalendario orizicola [arroz, Rio Grande do Sul]
650 _aARROZ
650 _aRIO GRANDE DO SUL
650 _aCALENDARIO AGRICOLA
773 0 _tLavoura Arrozeira (Brazil)
_xISSN 0023-9143
_g(Jan 1971), v. 24(259) p. 46-50
_wBR7100284
909 _a202311
_bLúcia
_c55
_dLúcia Elande
942 _2AGRIS
_n0
_cANA
999 _c90937
_d90937